Quizzes
Events
Quiz Creation
Community
Videos
Private Events
Remove Ads
Sign In
Join for FREE
Feedback
Dark Mode
Quiz Categories
Sports
Geography
Music
Movies
Television
Just For Fun
Miscellaneous
History
Literature
Language
Science
Gaming
Entertainment
Religion
Holiday
For Kids
Quiz Lab
Recent
Popular Today
Quiz Kudos Today
Editor Picks
Curator Picks
Quizzes by...
Day
Popularity
Type
Ratings
Length
Year
Community
Subscriptions
Recent Discussions
Orange Saloon
Badges
Playlists
Quests
Create
Leaderboards
Showdown
Live 5
Trivia Bingo
Activity
Puzzle Library
Sporcle Events
Private Events
Virtual Trivia
Globe League
Become a Host
Pub Owners
SporcleCon
Opinionation
Our Games
Videos
Blog
Mobile Apps
Partnerships
Remove Ads and Go Orange
Feedback
Geography
Country
Landmarks
City
State
Population
World
Capital
Continent
Flags
Europe
Africa
Asia
South America
North America
Oceania
Border
Canada
United Kingdom
Topography
United States
Geography
Country
Landmarks
City
State
Population
World
Capital
Continent
Flags
Europe
Africa
Asia
South America
North America
Oceania
Border
Canada
United Kingdom
Topography
United States
Random Quiz
Search Sporcle
×
Quiz Lab
Quiz Lab
Geography
Country
Type in answers that appear in a list
Type in answers that appear in a list
Classic
Best Score? Go Orange.
European Countries Since 1815 Stats
Can you name all the countries that have existed in Europe since 1815?
By
Serlingist
10m
114 Questions
5,864 Plays
5,864 Plays
5,864 Plays
Comments
Comments
Give Quiz Kudos
Give Quiz Kudos
-
- Ratings
hide this ad
Replay
Link that replays current quiz
Next Quiz
Link to next quiz in quiz playlist
You Got
0%
They Got
Avg Score
59%
Avg Friend Score
Upgrade to see
Score Distribution
Jump to the score distribution portion of the page
Score
0/114
Timer
10:00
1
Play Today
Dates
Country
% Correct
1815-
present
United Kingdom
95.8%
1815-
67, 1918-
38, 1955-
present
Austria
95.3%
1871-
present
Germany
95%
1815-
present
France
94.8%
1815-
1905
Sweden and Norway
94.1%
2003-
06
Serbia and Montenegro
93.6%
1815-
1922, 1991-
present
Russia
93.1%
1815-
present
Spain
92.7%
1905-
present
Sweden
92.4%
1815-
32, 1918-
present
Poland
92.1%
1815-
1923
Ottoman Empire
91.8%
1815-
present
Portugal
91.6%
1815-
1918, 2006-
present
Serbia
91.3%
1815-
present
Denmark
91.3%
1905-
present
Norway
91.2%
1830-
present
Belgium
91%
1918-
present
Hungary
90.7%
1917-
present
Finland
90.7%
1832-
present
Greece
90.6%
1918-
40, 1991-
present
Estonia
90.6%
1859-
present
Romania (Moldavia and Wallachia until 1866)
90.5%
1918-
40, 1990-
present
Lithuania
90.4%
1918-
40, 1991-
present
Latvia
90.3%
1922-
present
Ireland
90.3%
1991-
present
Ukraine
89.7%
1993-
present
Slovakia
89.4%
1859-
60
Central Italy
89.4%
1861-
present
Italy
88.9%
1815-
present
Netherlands
88.8%
1991-
present
Croatia
88.4%
1991-
present
Belarus
88.3%
1815-
present
Andorra
88%
1923-
present
Turkey
87.9%
1993-
present
Czechia (Czech Republic until 2016)
87.7%
1878-
present
Bulgaria
86.8%
1991-
present
Slovenia
86.8%
1992-
present
Bosnia and Herzegovina
86.3%
1839-
present
Luxembourg
86.2%
Dates
Country
% Correct
1815-
1918, 2006-
present
Montenegro
85.6%
1912-
present
Albania
85.5%
1815-
present
Switzerland
85.1%
1991-
present
Moldova
84.3%
1918-
2003
Yugoslavia
83.6%
1815-
67
Prussia
83.6%
1929-
present
Vatican City
82%
1922-
91
Soviet Union
81.9%
1815-
present
San Marino
80.3%
1815-
71
Bavaria
79.8%
2008-
present
Kosovo
78.2%
1867-
1918
Austria-Hungary
78%
1991-
present
North Macedonia (Macedonia until 2019)
77.9%
1918-
present
Iceland
77.8%
1918-
93
Czechoslovakia
77.6%
1815-
present
Monaco
75.6%
1815-
present
Liechtenstein
74.5%
1964-
present
Malta
70.6%
1815-
61
Sardinia
68.3%
1960-
present
Cyprus
68%
1949-
90
East Germany
66.3%
1815-
16
Sicily (known as Kingdom of Naples)
66.2%
1815-
16
Sicily (known as Kingdom of Sicily)
66.2%
1816-
60
Two Sicilies
65.6%
1815-
67
Saxony
65.5%
1815-
70
Papal States
60.8%
1815-
71
Baden
56.3%
1815-
66
Hanover
55.2%
1815-
67
Hamburg
50.4%
1920-
39
Danzig
46.3%
1815-
59
Tuscany
45.5%
1815-
71
Hesse-Darmstadt
42.9%
1815-
66
Hesse-Kassel
42.9%
1815-
66
Hesse-Homburg
42.7%
1815-
67
Saxe-Weimar-Eisenach
42.1%
1920-
35, 1947-
57
Saar
42.1%
1815-
59
Wallachia
41.8%
1815-
67
Bremen
40.1%
Dates
Country
% Correct
1826-
67
Saxe-Coburg and Gotha
37.2%
1815-
26
Saxe-Coburg-Saalfeld
36.5%
1815-
26
Saxe-Gotha-Altenburg
36.4%
1867-
71
North Germany
35.6%
1826-
67
Saxe-Altenburg
35.6%
1815-
67
Saxe-Meiningen
35.5%
1815-
26
Saxe-Hildburghausen
35.5%
1815-
53
Anhalt-Dessau
35.3%
1863-
67
Anhalt
35.2%
1815-
63
Anhalt-Bernburg
35.2%
1815-
53
Anhalt-Kothen
35.2%
1815-
66
Frankfurt
34.8%
1815-
71
Wurttemberg
32.8%
1815-
67
Mecklenburg-Schwerin
32.3%
1815-
67
Mecklenburg-Strelitz
31.9%
1815-
59
Parma
28.7%
1815-
46
Cracow
28.4%
1898-
1913
Crete
28.2%
1815-
67
Lubeck
27.9%
1947-
54
Trieste
27.8%
1815-
67
Oldenburg
27.8%
1815-
59
Modena and Reggio
27.8%
1815-
47
Lucca
27.8%
1815-
67
Brunswick
22.5%
1815-
50
Hohenzollern-Sigmaringen
21.5%
1815-
50
Hohenzollern-Hechingen
21%
1920-
24
Fiume
19.9%
1815-
66
Nassau
19.7%
1815-
67
Schaumburg-Lippe
19.1%
1815-
67
Lippe
18.4%
1815-
67
Reuss Younger Line (Reuss-Gera until 1848)
17.3%
1815-
67
Reuss Elder Line (Reuss-Greiz until 1848)
16.1%
1815-
67
Schwarzburg-Rudolstadt
13%
1815-
67
Schwarzburg-Sondershausen
12.8%
1815-
67
Waldeck and Pyrmont
11.7%
1815-
29
Massa and Carrara
11.6%
1815-
68
Couto Misto
9.9%
1815-
26
Cospaia
9.6%
Quiz Playlist
Details
Report
Send in Message
Add To Playlist
Classic:
Type in answers that appear in a list
Last Updated: May 12, 2021
Quiz Scoreboard
CHALLENGE
Sign Up to Join the Scoreboard
Show All
Scores
Hide
Comments
May contain spoilers
Recently Published
Billboard Blitz: Fleetwood Mac
by CooCooCachoo
Music
15s
Presidents Visiting Landmarks
by Hejman
History
7m
An Introduction to Baseball
by treessimontrees
Sports
5m
More to Explore
Quiz From the Vault
Featured Blog Post
Where Did the Easter Bunny Come From?
hide this ad
You Might Also Like...
Tags
Country Quiz
Europe Quiz
1815
Countries Territories
European History
Today's Top Quizzes in Geography
Browse Geography
hide this ad
Today's Top Quizzes in Country
Browse Country
Top Contributed Quizzes in Geography
1
Countries of the World - No Outlines Minefield
2
Top 25 Cities of France on a map
3
Any capital of a 'B' country per Continent
4
Closest Countries to UK A-Z
5
Any capital of a 'C' country per Continent
6
One Thing in Common: United Kingdom
7
Any capital of a 'D' country per Continent
8
5-to-1: US Geography No Hints
9
Any capital of an 'E' country per Continent
10
Find the Provinces of Canada - No Outlines Minefield
Explore More
Trending Topics
Disney
Harry Potter
Crossword
Marvel
Anime
NBA
Kpop
WWE
Song
Country
The Office
Pokémon
NFL
Soccer
Puzzle
hide this ad
More By:
Serlingist
Quiz
Plays
Rating
Category
Featured
Created
CONCACAF Gold Cup
14,201
4.41
Sports
Mar 23, 2012
European Countries Since 1815
5,864
3.88
Geography
Nov 28, 2010
Red Dwarf Most Lines
2,554
4.81
Television
Dec 8, 2010
Twilight Zone Episodes
1,520
4.60
Television
Mar 8, 2012
1980s English Football Grab Bag
1,470
4.29
Sports
Jul 14, 2013
Go to Creator's Profile
Score Distribution
Quiz Creator Spotlight
Serlingist
Follow
Send a Message
Quizzes Created
-
Created Quiz Play Count
-
More By This Creator
Popular Quizzes Today
1
Find the US States - No Outlines Minefield
2
Find the Countries of Europe - No Outlines Minefield
3
The Countries of the World
4
Find the US States
5
US States
6
Popular People in 1961
7
Risky Map Clicking: Biggest States A-Z
8
Movies - When Are They Set?
More Geography Quizzes
30 Pics in 60: Flags of the World
Published
Trending Quizzes
Risky Map Clicking: Least Populous States A-Z
1-10 Letter G Words
1-10 Letter F Words
Risky Map Clicking: Next State Alphabetically
'A' Boys' Names Grid
Recently Updated
Leaping Animals
pecheneg
Reality TV Shows (A-Z)
bhenderson79
Rickey Henderson's Hall of Fame Teammates
pecheneg
Champions League XIs: Arsenal
pecheneg
Quick Pick: Celebrities in WWE's Hall of Fame
aduchscher
A-Z Keypad Blitz II
pecheneg
Multiple Oscar Actors
pecheneg
Mystery Phrase Blitz: Oscar 'Best Actors'
pecheneg
F. Scott Fitzgerald Novels
LTH
Pick 3 Villains
ddd62291
Trending Topics
NBA
Disney
Anime
Marvel
Harry Potter
Crossword
Kpop
Puzzle
The Office
WWE
Pokémon
Song
NFL
Country
Soccer
Your Account Isn't Verified!
In order to create a playlist on Sporcle, you need to verify the email address you used during registration. Go to your
Sporcle Settings
to finish the process.
Report this User
Report this user for behavior that violates our
Community Guidelines
.
Details:
Send Report
Go to the Sporcle.com Mobile Site →
Comments